LEADER 00846nam0-22002891i-450 001 990001791540403321 005 20190529131428.0 035 $a000179154 035 $aFED01000179154 035 $a(Aleph)000179154FED01 035 $a000179154 100 $a20021010d1947----km-y0itay50------ba 101 0 $aita 200 1 $aEsperienze con semi di leguminose da granella attaccate da tonchi$fGiuliano Puccini. 210 $aPescia$cTip. Franchi$d1947. 215 $a12 p.$d24 cm 610 0 $aLeguminose da granella 676 $a633.3 700 1$aPuccini,$bGiuliano$0353937 801 0$aIT$bUNINA$gRICA$2UNIMARC 901 $aLG 912 $a990001791540403321 952 $a60 OP. 136/32$fFAGBC 959 $aFAGBC 996 $aEsperienze con semi di leguminose da granella attaccate da tonchi$9408274 997 $aUNINA DB $aING01 LEADER 01822nam 2200385 n 450 001 996388114503316 005 20221107220220.0 035 $a(CKB)1000000000629578 035 $a(EEBO)2248544772 035 $a(UnM)99835981 035 $a(EXLCZ)991000000000629578 100 $a19900821d1631 uy | 101 0 $aeng 135 $aurbn||||a|bb| 200 00$aTvvo treatises. The one, of repentance, the other, of Christs temptations. Penned, by the late faithfull minister of Gods VVord, Daniel Dyke, Batchelour in Diuinitie. Published since his death by his brother I.D. minister of Gods Word$b[electronic resource] 205 $aThe fift impression. 210 $aLondon $cPrinted by Iohn Beale, and are to be sold by Phillip Waterhouse at the signe of St. Pauls head in Canon street, neare London stone$d1631 215 $a[8], 352, 355-358 p 300 $aEditor's dedication signed: Ier. Dyke. 300 $aThe first leaf is blank. 300 $a"Michael and the dragon, or, Christ tempted and Satan foyled" has separate dated title page; pagination and register are continuous. 300 $aReproduction of the original in the Union Theological Seminary (New York, N.Y.). Library. 330 $aeebo-0160 606 $aRepentance$vEarly works to 1800 615 0$aRepentance 700 $aDyke$b Daniel$fd. 1614.$01004969 701 $aDyke$b Jeremiah$f1584-1639.$01001094 801 0$bCu-RivES 801 1$bCu-RivES 801 2$bCStRLIN 801 2$bWaOLN 906 $aBOOK 912 $a996388114503316 996 $aTvvo treatises. The one, of repentance, the other, of Christs temptations. Penned, by the late faithfull minister of Gods VVord, Daniel Dyke, Batchelour in Diuinitie. Published since his death by his brother I.D. minister of Gods Word$92403772 997 $aUNISA